[Event "RUS-Cup final"]
[Site "Samara"]
[Date "1998.08.30"]
[Round "2"]
[White "Balashov, Yuri S"]
[Black "Volkov, Sergey"]
[Result "1/2-1/2"]
[WhiteElo "2580"]
[BlackElo "2605"]
[Annotator "Finkel,A"]
[PlyCount "88"]
[EventDate "1998.08.??"]
[EventType "tourn"]
[EventRounds "11"]
[EventCountry "RUS"]
[SourceTitle "CBM 067"]
[Source "ChessBase"]
[SourceDate "1998.11.30"]
[SourceVersion "2"]
[SourceVersionDate "1998.11.01"]
[SourceQuality "1"]

1. e4 e6 2. Nc3 d5 3. d4 Nf6 4. Bg5 dxe4 5. Nxe4 Be7 6. Bxf6 gxf6 7. Bc4 c6 8.
Nf3 b6 9. Qe2 Bb7 10. O-O-O Qc7 11. Kb1 Nd7 12. Ba6 $6 (12. Bb3 O-O-O 13. c4
Rhg8 (13... Rhe8 14. Nc3 f5 15. Rhe1 Bf6 16. Rc1 Kb8 $13 {Kuzmin,G-Beckhuis,G/
Troll Masters 1992 (38)}) 14. d5 $5 exd5 15. cxd5 Nc5 16. Bc2 Rxd5 17. Rxd5
cxd5 18. Ng3 $1 $44 {Steiner,L-Kolnhofer/Wien 1935 (43)}) (12. Nc3 Nf8 (12...
b5 13. Bb3 Nb6 14. Rhe1 O-O $5 15. Rd3 Kh8 16. Nh4 Rg8 $132 {Castella,
F-Paneque,P/CUB-ch sf 1995 (31)}) 13. Ba6 O-O-O 14. Bxb7+ Kxb7 15. Rd3 Ng6 16.
g3 f5 $11 {Mazi,L-Furlan,M/SLO-ch 1996 (41)}) (12. Rhe1 O-O-O (12... Rg8 13.
Ng3 Nf8 14. Ba6 Ng6 15. Bxb7 Qxb7 16. c4 O-O-O 17. Qc2 $14 {Unzicker,
W-Gurevich,M/BL9192 1992 (32)}) 13. Bb3 Kb8 14. a3 Rhe8 (14... Rhg8 15. g3 f5
16. Ned2 Nf6 17. Ne5 Rgf8 18. Ndc4 c5 $1 $13 {Matanovic,A-Minev,N/Varna olm
1962 (26)}) 15. c4 Bf8 16. Qc2 Qf4 17. Ng3 f5 18. Re2 Nf6 $13 {Marcelin,
C-Holzke,F/Koop Tjuchem op 1996 (40)}) 12... Bxa6 $5 (12... O-O-O 13. Bxb7+
Kxb7 14. c4 Nf8 15. d5 $1 $36 {Steiner,L-Lilienthal,A/Budapest m2 1935 (19)})
13. Qxa6 b5 $1 $15 {[%csl Ra6][%cal Gd7b8] Black chooses quiet rare plan for
this type of positions:he decides to withdrew from castling queenside,
temporary leaving his king in the center,but white queen remains on a6 out of
play.} 14. Nc5 $8 {Otherwise white looses the queen.} Nxc5 15. dxc5 Bxc5 16.
Nd4 Bb6 $6 $15 (16... Qb6 $6 17. Qxb6 Bxb6 18. Nxc6 Bxf2 19. Rhf1 Bh4 20. g3
Bg5 21. h4 Bh6 22. Rxf6 Bg7 23. Rf3 $11) (16... Rc8 $1 {[%cal Gc7b6]} 17. a4
bxa4 18. Qxa4 O-O 19. Rd3 Rfd8 $17) 17. a4 Rd8 18. c3 (18. Nxc6 $6 Rxd1+ 19.
Rxd1 Qxc6 20. a5 O-O 21. axb6 axb6 $17) 18... Bxd4 19. Rxd4 Rxd4 20. cxd4 bxa4
21. Rc1 $15 {At the moment white is two pawns down,but invalid pawn structure
of black and unsafe position of the king give white good drawing chanses.} O-O
22. g3 (22. Qxc6 $6 Qxh2 23. d5 Qxg2 24. dxe6 Qxc6 25. Rxc6 fxe6 26. Rxe6 Rf7
27. Ra6 h5 $19 {[%cal Gf7h7]}) 22... Qd7 23. Qxa4 Rd8 (23... Qd5 $6 24. Rxc6
Qh1+ 25. Ka2 Qxh2 26. d5 $1 $44) 24. Rxc6 Qxd4 25. Qxd4 Rxd4 26. Kc2 {In the
arising endgame white quiet easily reachs the draw because of weak pawn on a7
and moe active king.} Rd7 27. Ra6 {[%csl Ra7]} Kg7 28. b4 e5 29. b5 f5 (29...
Rb7 30. Kd3 (30. Ra5 $5 {[%cal Gc2c6]}) 30... Rxb5 31. Rxa7 Rb2 32. Ke3 f5 $15)
30. Kc3 e4 31. h4 $5 f6 (31... Rd3+ 32. Kc4 Rf3 33. Rxa7 Rxf2 34. b6 Rb2 35.
Kc5 Kf6 36. b7 e3 37. Kc6 $1 (37. Ra6+ $6 Kg7 38. Rb6 Rxb6 39. Kxb6 e2 40. b8=Q
e1=Q $15) 37... Ke5 38. Ra8 Ke4 39. b8=Q Rxb8 40. Rxb8 Kf3 41. Re8 e2 42. Kd5
h5 $11) 32. Kc4 Kg6 33. Kc5 h5 34. Kc6 Re7 35. Kd6 Rg7 36. Ra4 $1 $11 {Now the
draw is inevitable.} Rf7 37. Kc6 Re7 38. Kd6 Re5 39. Kc6 Re6+ 40. Kd5 Rb6 41.
Kc5 Rb7 42. Kc6 Re7 43. Kd6 Rh7 44. Kc6 Re7 1/2-1/2

[Event "Maccabiah SuperGM"]
[Site "Jerusalem"]
[Date "2005.07.12"]
[Round "2"]
[White "Felgaer, Ruben Alejandro"]
[Black "Najer, Evgeniy"]
[Result "0-1"]
[WhiteElo "2618"]
[BlackElo "2614"]
[Annotator "Finkel,A"]
[PlyCount "96"]
[EventDate "2005.07.10"]
[EventType "tourn"]
[EventRounds "5"]
[EventCountry "ISR"]
[EventCategory "14"]
[SourceTitle "CBM 108"]
[Source "ChessBase"]
[SourceDate "2005.09.26"]
[SourceVersion "1"]
[SourceVersionDate "2005.09.26"]
[SourceQuality "1"]

1. e4 e6 2. d4 d5 3. Nc3 Nf6 4. Bg5 dxe4 5. Nxe4 Be7 6. Bxf6 gxf6 7. Nf3 f5 $5
{A pet line of Russian GM Kiriakov.} 8. Ned2 $6 ({An only way to fight for
opening advantage is} 8. Nc3 $5) 8... c5 9. Bb5+ Bd7 10. Bc4 $6 {Bad decision
passing an initiative into black's hands.} (10. Bxd7+ Nxd7 11. Nc4 (11. Nb3
cxd4 12. Nbxd4 Ne5 13. c3 Qd5 14. Qa4+ Qd7 $11 {Pedersen,N-Luther,T/Gausdal
1994}) (11. O-O cxd4 12. Nxd4 Nc5 13. N2f3 O-O 14. Qd2 Ne4 15. Qh6 Bf6 16. Rad1
Bg7 17. Qh5 Qf6 $11 {Fontaine,R-Kiriakov,P/playchess.com INT 2004}) 11... Nb6
12. Qd3 cxd4 13. O-O-O Qd5 14. Nxb6 axb6 15. a3 Bf6 16. Nxd4 Rd8 17. Qb5+ Qxb5
18. Nxb5 Ke7 $11 {Turalakey,M-Holaszek,H/Skopje 1972}) (10. Qe2 cxd4 (10...
Bxb5 11. Qxb5+ Qd7 12. Qxd7+ Nxd7 13. Rd1 Rg8 14. O-O O-O-O 15. Nc4 cxd4 16.
Rxd4 Nc5 $11 {Waschk,A-Steckner,J/Germany 1991}) 11. Ne5 Qc7 12. O-O-O Bxb5 13.
Qxb5+ Nc6 14. f4 Rc8 15. Ndf3 O-O 16. Qe2 Rfd8 $13 {Vitolinsh,A-Atlas,V/Minsk
1988}) 10... cxd4 11. Nxd4 Nc6 12. Nxc6 (12. N2f3) 12... Bxc6 $15 13. Qh5 Qd4
$1 {May be white missed this simple move forcing an exchange of queens.} 14.
O-O-O (14. Bxe6 Qe5+ $19) 14... Qg4 15. Be2 ({Even worse is} 15. Qxg4 fxg4 16.
Rhg1 Bc5 17. Rdf1 Ke7 18. Bd3 f5 $17) 15... Qxh5 16. Bxh5 Bc5 ({Deserved
attention} 16... Bxg2 $5 17. Rhg1 Bd5 18. Rg7 e5 {and black keeps an extra
pawn:} 19. Nf3 O-O-O 20. Rxd5 (20. Bxf7 Bxf3 21. Be6+ Kb8 22. Rxd8+ Rxd8 23.
Rxe7 Rd1#) 20... Rxd5 21. Bxf7 Rd6 22. Nxe5 Bf6 $19) 17. Rhe1 Ke7 18. f3 (18.
Bf3 Bxf3 19. Nxf3 Bxf2 20. Re2 Bb6 $17) 18... Rhg8 19. g3 Rg5 20. g4 Rag8 21.
h4 (21. Re2 $5 {[%csl Gg2]}) 21... Rxh5 22. gxh5 Rg2 23. Kb1 (23. h6 f4 24. Ne4
Be3+ 25. Kb1 Rg6 $17) 23... f4 24. a3 (24. c3 Be3 25. Nc4 Bxf3 26. Nxe3 fxe3
27. Rd4 e2 28. Kc2 e5 29. Rb4 f5 30. Kd2 f4 $17) 24... f5 $5 {[%csl Ge4]} 25.
Rf1 Bb5 $1 26. c4 Ba4 27. b3 Be8 28. h6 (28. Kb2 Bxh5 29. Kc3 e5 30. b4 Bd4+
31. Kd3 Be3 {[%cal Ge5e4]} 32. c5 e4+ 33. Kc3 Rg3 34. Nc4 Bxf3 $19) 28... Bxa3
29. Kc2 Bc5 30. Kd3 Rg6 31. Ra1 Rxh6 $6 (31... a6 32. Ra5 Be3) 32. b4 Be3 33.
c5 Bb5+ 34. Nc4 a6 35. Kc3 e5 36. Nxe5 (36. Rfd1) 36... Bxf1 37. Rxf1 Rxh4 38.
Nc4 Rh2 39. Nd6 (39. Re1 $5 Rh3 40. Nd6 Rxf3 41. Kc4 Rh3 42. Nxb7 Rg3 43. Nd6
Ke6 44. Ra1 f3 45. Rxa6 f4 $19 {[%cal Gf3f2,Gg3g1]}) (39. Kd3 Kf6 (39... Kd7
40. Nxe3 fxe3 41. Kxe3 Rb2 42. Rd1+ Kc7 43. Rd4 Rb3+ (43... Kc6 44. Rd6+ Kc7
45. Rd4) 44. Kf4) 40. Nxe3 fxe3 41. Kxe3 Rb2 42. Rh1 Rb3+ 43. Kf2 Rxb4 44. Rxh7
Ke5 $19) 39... h5 40. Nxb7 h4 41. c6 h3 42. Na5 (42. Rd1 Rd2 43. Rh1 h2 $19)
42... Rf2 43. Rd1 Rd2 44. Rh1 h2 45. Nc4 Rg2 46. Rd1 Bd4+ $1 47. Kb3 (47. Kxd4
Rg1 48. Rd3 h1=Q 49. c7 Kd7 $19) 47... Rg1 48. c7 Kd7 0-1

[Event "Darmstadt Integrata 1st"]
[Site "Darmstadt"]
[Date "2001.01.11"]
[Round "6"]
[White "Jakubiec, Artur"]
[Black "Bunzmann, Dimitrij"]
[Result "1/2-1/2"]
[WhiteElo "2488"]
[BlackElo "2484"]
[Annotator "Finkel,A"]
[PlyCount "85"]
[EventDate "2001.01.02"]
[EventType "tourn"]
[EventRounds "9"]
[EventCountry "GER"]
[EventCategory "10"]
[SourceTitle "CBM 081"]
[Source "ChessBase"]
[SourceDate "2001.03.20"]
[SourceVersion "1"]
[SourceVersionDate "2001.03.20"]
[SourceQuality "1"]

{[%mdl 4384]} 1. e4 e6 2. d4 d5 3. Nc3 Nf6 4. Bg5 dxe4 5. Nxe4 Be7 6. Bxf6 gxf6
7. g3 $6 {This move can't be recommended, because in all variation it is white
who fights for equality!  Fischers Zug, der aber schon lange vor ihm gespielt
wurde.} f5 8. Nc3 Bf6 9. Nge2 Nc6 10. d5 exd5 ({Another reasonable option is} 
10... Nb4 11. Bg2 (11. dxe6 $2 Qxd1+ (11... Bxe6 12. Qc1 O-O 13. Bg2 Bc4 14.
O-O Bxc3 15. bxc3 Nxa2 16. Qf4 Bxe2 $19 {Zhelnin,V-Kiriakov,P/RUS-chT 1997})
12. Rxd1 Bxe6 13. Bg2 Nxc2+ 14. Kd2 Nb4 15. a3 O-O-O+ $19 {Pedersen,
D-Kacheishvili,G/6th WUCC 2000}) 11... Nxd5 12. Bxd5 exd5 13. Nxd5 Bxb2 14.
Nef4 O-O 15. Rb1 Re8+ 16. Kf1 Bg7 $13 {Pein,M-Luther,T/Peer Gynt 1994}) 11.
Nxd5 Bxb2 12. Bg2 O-O 13. Rb1 ({Nothing changes} 13. O-O Bg7 (13... Be5 14. Rb1
Na5 15. Qe1 c6 16. Rd1 Re8 $13 {Bellon Lopez,J-Marovic,D/Medina del Campo 1980}
) (13... Bh8 14. Nef4 Ne5 15. Qh5 Ng6 16. Rad1 c6 17. Ne3 Qf6 18. Kh1 Bg7 19.
Bh3 $36 {Fischer,R-Petrosian,T/Buenos Aires (m3) 1971}) 14. Nef4 Ne7 15. Rb1
Nxd5 16. Qxd5 c6 17. Qf3 Qc7 $13 {Rezaei,R-Vakhidov,T/ch-Asia 2000}) 13... Bg7
$5 (13... Bh8 14. O-O Ne5 15. Nd4 (15. Nef4 c6 16. Ne3 Qf6 17. Nh5 Qe6 18. Re1
Qxa2 $17 {Kogan,A-Zifroni,D/Tel Aviv ASA 1996}) 15... c6 16. Ne3 Qf6 17. f4 $2
Nc4 18. Ndxf5 Bxf5 19. Nxc4 Rad8 $17 {Ponater,M-Putzbach,G/Wichern op 1993})
14. O-O Ne5 15. Ndf4 $5 c6 {[%csl Gd5]} (15... Qxd1 16. Rfxd1 c6 17. Nd4 Re8
18. Bh3 Ng6 19. Nh5 Bxd4 20. Rxd4 $44) 16. Nh5 Nc4 $5 {[%csl Rc8][%cal Gb1b7,
Gc4b6] Intending to put the knight on b6 and to release a bishop} 17. Rb4 Qxd1
18. Rxd1 Nb6 19. Nxg7 Kxg7 20. a4 $5 (20. Nf4 Be6 21. a4 Rad8 22. Re1 Rd7 23.
Nxe6+ fxe6 24. Rxe6 $11) 20... c5 21. Rb5 Nxa4 22. Ra1 Re8 23. Nf4 Nc3 24. Rxc5
Ne4 (24... Ne2+ 25. Nxe2 Rxe2 26. Rc7 a5 27. Bxb7 Bxb7 28. Rxb7 Rxc2 29. Ra4 (
29. Rb5 a4 30. Rxf5 a3 31. Re5 a2 $15) 29... Rc5 30. Kg2 Kf6 $15) 25. Rc7 {
[%csl Ra8,Rc8]} a5 26. Bf1 Rd8 27. f3 Ng5 28. Kf2 Ne6 29. Nxe6+ Bxe6 30. Bd3 $1
{It seems that black has managed to make some progress, but white easily holds
the position simply attcking black pawns while they advance.} (30. Rxb7 Rd2+
31. Ke3 Rxc2 $17) 30... b6 31. Rc6 Rdb8 (31... Rab8 32. Rb1 a4 33. Rcxb6 Rxb6
34. Rxb6 Ra8 35. Ke3 a3 36. Rb1 Ra4 37. Ra1 a2 38. Kd2 $11) 32. Ke3 a4 33. Bc4
Bxc4 34. Rxc4 b5 (34... a3 35. Rc3 a2 36. Rb3 Ra4 37. Rb2 $11) 35. Rb4 Rc8 36.
Rxb5 Rxc2 37. Ra3 $1 $11 Rxh2 38. Rb4 Rh3 39. Kf4 h5 40. Raxa4 Rxa4 41. Rxa4 h4
42. Kxf5 Rxg3 43. Rg4+ 1/2-1/2

[Event "Corus-B"]
[Site "Wijk aan Zee"]
[Date "2001.01.22"]
[Round "6"]
[White "De Vreugt, Dennis"]
[Black "Radjabov, Teimour"]
[Result "0-1"]
[WhiteElo "2452"]
[BlackElo "2483"]
[Annotator "Finkel,A"]
[PlyCount "52"]
[EventDate "2001.01.13"]
[EventType "tourn"]
[EventRounds "11"]
[EventCountry "NED"]
[EventCategory "10"]
[SourceTitle "CBM 081"]
[Source "ChessBase"]
[SourceDate "2001.03.20"]
[SourceVersion "1"]
[SourceVersionDate "2001.03.20"]
[SourceQuality "1"]

{[%mdl 192]} 1. e4 e6 2. d4 d5 3. Nc3 Nf6 4. Bg5 dxe4 5. Nxe4 Be7 6. Bxf6 gxf6
7. c4 $6 {Very ambitious, but not that strong move - black bishop comes to f6
and without an opponent from white's side causes white serious troubles.} (7.
Nf3 f5 8. Nc3 Bf6 9. Qd2 c5 10. Bb5+ Bd7 11. dxc5 (11. Bxd7+ Nxd7 12. O-O-O Qa5
13. Kb1 O-O-O 14. Qh6 Rhg8 15. g3 Bg7 $13 {Sax,G-Andersson,U/Reggio Emilia 1988
}) 11... a6 12. Bxd7+ Nxd7 13. O-O-O (13. Na4 Qc7 14. O-O-O Nxc5 15. Nxc5 Qxc5
16. Qd7+ Kf8 17. Qd6+ Qxd6 18. Rxd6 Rg8 $11 {Wedberg,T-Andersson,U/Haninge 1988
}) 13... Qc7 14. Qd6 Rc8 15. Nd5 Qxc5 16. Nxf6+ Nxf6 17. Qxc5 {1/2-1/2 Sokolov,
A-Andersson,U/Brussels WCup 1988}) 7... f5 8. Nc3 Bf6 9. Nge2 (9. Nf3 Nc6 $1
$15 10. d5 Ne7 11. Qb3 $2 c6 $1 $15 {Tischbierek,R-Luther,T/DDR-ch 1989}) 9...
Nc6 10. d5 Ne5 (10... exd5 11. cxd5 Ne7 12. g3 Qd6 13. Bg2 Bd7 14. Qb3 $14) 11.
f4 $5 Ng6 12. g3 O-O 13. Qd2 (13. Bg2 $14) 13... c6 $1 {Complicating the
position} 14. d6 (14. dxc6 Qxd2+ 15. Kxd2 bxc6 16. Bg2 Rd8+ 17. Kc2 Bd7 18.
Rad1 Be8 $11) 14... b5 $5 15. c5 $1 (15. cxb5 cxb5 16. Bg2 (16. Nxb5 $2 Rb8 17.
Nbc3 (17. Nec3 Bb7 18. Rg1 Qb6 19. Qf2 Qxf2+ 20. Kxf2 a6 $17) 17... Qb6 18. Bg2
Rd8 19. Rd1 Qxb2 $15) 16... Rb8 17. Rd1 Qb6 $15 {[%csl Rd6]}) 15... b4 16. Nd1
e5 17. Qxb4 (17. Bg2 Qd7 18. O-O Ba6 19. Rf2 Rfe8 $1 $13 20. Qxb4 (20. Ne3 $2
Bxe2 21. Rxe2 exf4 $15) 20... Bxe2 (20... exf4 21. Nxf4 Rab8 22. Qa5 Nxf4 23.
Rxf4 $16) 21. Rxe2 exf4 22. Rxe8+ Rxe8 23. gxf4 Nh4 $132 {[%cal Ge8e2]}) 17...
exf4 18. gxf4 (18. Nxf4 Re8+ 19. Kd2 Re4 20. Bc4 Ba6 $17) 18... Re8 19. Ndc3
Ba6 $36 {[%cal Ga8b8,Gf6h4] Suddenly all black pieces start to threaten white
king} 20. Kd2 (20. O-O-O Rb8 21. Qa4 Bxe2 22. Nxe2 Rxb2 $36 {[%csl Rc1,Rc5]})
20... Rb8 21. Qa3 Bxe2 22. Bxe2 Bd4 $1 {Black attacks in different directions:
from d4 bishop threatens also to come to e3 ad also to win the pawn on c5.} 23.
Bc4 (23. Rad1 Qh4 24. Rhf1 Nxf4 25. Bf3 Qxh2+ 26. Kc1 Bxc5 $1 $19 {[%csl Rb2]})
23... Qh4 24. Raf1 Qh3 $1 25. Kc2 $2 {Missing black's reply, but also after
correct} (25. Kd1 Qg2 {[%csl Rb2]} 26. b4 a5 $1 27. Ne2 Rxb4 28. d7 Rd8 29. Qd3
Rxd7 $17 {white is in serious trubles.}) 25... Qg2+ 26. Kb1 Bxc5 0-1

[Event "RUS-ch sf 58th"]
[Site "Kazan"]
[Date "2005.09.03"]
[Round "1"]
[White "Najer, Evgeniy"]
[Black "Chebotarev, Oleg"]
[Result "1-0"]
[WhiteElo "2614"]
[BlackElo "2517"]
[Annotator "Finkel,A"]
[PlyCount "75"]
[EventDate "2005.09.03"]
[EventType "swiss"]
[EventRounds "9"]
[EventCountry "RUS"]
[SourceTitle "CBM 109"]
[Source "ChessBase"]
[SourceDate "2005.11.14"]
[SourceVersion "1"]
[SourceVersionDate "2005.11.14"]
[SourceQuality "1"]

1. e4 e6 2. d4 d5 3. Nc3 Nf6 4. Bg5 dxe4 5. Nxe4 Be7 6. Bxf6 gxf6 7. Nf3 a6 {
This variaton used to be very popular 5 years ago due to the efforts of
Morozevich, who used to play it on the permanent basis. It's popularity
decreaced over the years, mainly because of 8.c4! which seem to pose black
serious problems.} 8. g3 f5 9. Nc3 b5 10. Bg2 Bb7 11. O-O c5 {Black would be
happy to trade the queens, since his strong bishops and rather flexible pawn
structure promise him excellent chances in the endgame.} (11... Qd6 12. Ne5
Bxg2 13. Kxg2 O-O 14. Qf3 Ra7 15. Rad1 c5 16. Qe3 b4 17. Ne2 Nc6 18. Nxc6 Qxc6+
19. d5 exd5 20. Qf3 $36 {Timoshenko,G-Lupu,M/Bucharest 1993}) (11... O-O 12.
Ne5 Bxg2 13. Kxg2 b4 14. Qf3 c6 15. Ne2 Qd5 16. Rfd1 Ra7 17. Nf4 Qxf3+ 18. Kxf3
Rc8 19. Rg1 Bd6 20. g4 fxg4+ 21. Rxg4+ Kh8 22. Rag1 $14 {Tseshkovsky,
V-Kovacevic,B/Borovo 2005}) 12. Ne2 (12. dxc5 $6 Qxd1 13. Rfxd1 Bxc5 14. Ne5
Ra7 15. Rd3 Bxg2 16. Kxg2 Ke7 17. Rad1 Rc8 18. Ne2 f6 19. Nf3 Nd7 20. Nf4 Ne5
$15 {Tseshkovsky,V-Chebotarev,O/Kazan 2005}) (12. d5 $5 $36) 12... O-O 13. c3
Nd7 14. Qd2 {[%cal Gd2h6]} Nf6 (14... Bf6 15. Rad1 Qc7 16. Qh6 Bg7 17. Qh4 Rad8
18. Nf4 Nf6 $13) 15. Rad1 Qc7 {Both sides are just improving positions of
their pieces for the middlegame.} 16. dxc5 Qxc5 17. Qh6 {[%cal Gf3g5] Posing a
first threat!} Ng4 {Of course black wouldn't let white knight to come to g5.}
18. Qf4 Rad8 19. Ned4 Be4 ({After} 19... e5 $6 20. Nxe5 (20. Qxf5 $2 Bc8 $1 {
[%csl Rd4,Rf5]}) 20... Bxg2 21. Nxg4 Bxf1 22. Nh6+ Kh8 23. Rxf1 Bf6 24. Nhxf5
$14 {white keeps slightly better chances.}) (19... Kh8) 20. Nd2 Bxg2 21. Kxg2
b4 {Black king is perfectly safe for now so it's about timeto disturb white
knight on d4.} (21... Ne5) 22. Ne4 Qb6 ({It was safer to play} 22... Qe5 $5 23.
Nc6 Qxf4 24. Nxe7+ Kg7 25. gxf4 fxe4 26. cxb4 e3 $13) 23. h3 bxc3 24. bxc3 Qb7
25. hxg4 fxe4 $1 {Correctly deciding to keep the queens on the board since the
endgame after} (25... Qxe4+ $6 26. Qxe4 fxe4 27. Nc6 Rde8 28. Rd4 f5 29. Rb1
Bf6 30. Rc4 $14 {is clearly better for white.}) 26. Qe3 Bf6 (26... Rd7 $5 27.
Rh1 Rfd8 28. Qh6 e3+ 29. Nf3 (29. f3 Qb2+) 29... Qe4 30. Rde1 Rd3 $132) 27. Rh1
Bg7 28. Rb1 Qa8 (28... Qd5 29. Rh5 f5 30. Rbh1 Bxd4 31. cxd4 Rf7 $13) 29. Rh4
f5 $4 {Appearently overlooking 31.Qg5.} (29... Rd7) 30. Nxe6 Rd3 31. Qg5 $18
Rf7 (31... e3+ 32. Kh2 Rf7 33. Nxg7 Rxg7 34. Qf4 Rd8 35. gxf5 exf2 36. Qxf2 $18
) 32. gxf5 e3+ 33. Kh2 h6 34. Qf4 {[%cal Gb1b8]} Rb7 35. Rg4 e2 36. Qe5 Qa7 37.
Rxg7+ Rxg7 38. Rb8+ (38. Rb8+ Kh7 39. Nf8+ Kg8 40. Nd7+ Qxb8 41. Qxb8+ Kf7 42.
Qf8#) 1-0

[Event "Capablanca Memorial Elite 36th"]
[Site "Havana"]
[Date "2001.05.16"]
[Round "10"]
[White "Abreu Delgado, Aryam"]
[Black "Nogueiras Santiago, Jesus"]
[Result "1-0"]
[WhiteElo "2480"]
[BlackElo "2557"]
[Annotator "Finkel,A"]
[PlyCount "69"]
[EventDate "2001.05.05"]
[EventType "tourn"]
[EventRounds "12"]
[EventCountry "CUB"]
[EventCategory "13"]
[SourceTitle "CBM 084"]
[Source "ChessBase"]
[SourceDate "2001.09.13"]
[SourceVersion "1"]
[SourceVersionDate "2001.09.13"]
[SourceQuality "1"]

1. e4 e6 2. d4 d5 3. Nc3 Nf6 4. Bg5 dxe4 5. Nxe4 Be7 6. Bxf6 Bxf6 7. Nf3 O-O 8.
Qd2 Be7 {An idea of Bareev to cope with the problems of 8...b6 9.Nf6+ Qf6 10.
Bd3 Bb7 11.Ng5!} 9. Bd3 (9. Bc4 b6 10. O-O-O Bb7 11. Rhe1 Nc6 12. Qe2 Nb4 13.
Ne5 c6 14. a3 Nd5 15. Bb3 Qc7 16. c4 Nf6 17. Nxf6+ Bxf6 18. c5 $14 {Kindermann,
S-Lautier,J/Baden-Baden 1992/CBM 33}) (9. O-O-O b6 10. Bd3 Bb7 11. Kb1 Nd7 12.
Qf4 Qb8 $1 13. Qg3 c5 14. dxc5 Nxc5 15. Nxc5 Bxc5 $15 {Sindik,E-Dizdar,G/Pula
1993/EXT 99}) 9... Nd7 (9... b6 10. Neg5 $1 h6 (10... Bxg5 11. Nxg5 h6 12. Bh7+
Kh8 13. Be4 $14) 11. Bh7+ Kh8 12. Be4 Bxg5 $8 (12... c6 13. h4 $16 {/\Ne5->})
13. Nxg5 c6 14. Nf3 Bb7 15. Ne5 $1 $14 {Gelfand,B-Bareev,E/Linares 1992/CBM 28}
) 10. O-O-O c5 $5 {This move looks very logical} (10... b6 11. c3 (11. h4 Bb7
12. Kb1 (12. Nfg5 h6 13. Kb1 Nf6 14. Nxf6+ Bxf6 15. f4 Qxd4 16. Bh7+ $13 {
Kosten,A-Bareev,E/Hastings 1990/CBM 22}) 12... Nf6 13. Nxf6+ Bxf6 14. Qe2 Qe7
15. Ng5 h6 16. f4 c5 $132 {Suetin,A-Bareev,E/Hastings 1991/CBM 27}) 11... Bb7
12. h4 Nf6 13. Neg5 c5 14. Qc2 g6 $13 {Donguines,F-Prakash,G/Calcutta 1996/CBM
50}) 11. Nxc5 Nxc5 12. dxc5 Qd5 (12... Qc7 13. Rhe1 Bxc5 14. Ne5 b6 15. f4 Bb7
16. g4 Rfd8 $132) 13. Kb1 Qxc5 14. Rhe1 Rd8 15. Qf4 Bf6 $6 (15... Bd7 16. Ne5 (
16. h4 Bb5 17. Bxb5 Qxb5 18. Ne5 Bf6 $15) 16... Be8 17. g4 f6 18. Nc4 b5 19.
Ne3 e5 $13) 16. g4 Qb6 (16... Qxf2 $2 17. Bxh7+ $1 {[%csl Rf2]}) 17. Ne5 Bd7
18. g5 Bxe5 19. Rxe5 Be8 {After this move white gets certain advantage, so
better was} (19... Bb5 $1 20. c4 Bc6 21. h4 Rd7 $11 {[%cal Ga8d8]}) 20. h4 Rac8
21. Rde1 Rd4 22. R5e4 Rxe4 (22... Rcd8 $5 23. h5 Bb5 $132) 23. Qxe4 g6 24. f4
Rd8 (24... Bb5) 25. h5 Bc6 26. Qe2 Qd4 27. Rf1 gxh5 $6 28. Re1 (28. Qxh5 Be4
29. Bxe4 Qxe4 30. Qh2 b5 $13) 28... Qg7 29. Qxh5 $16 {[%csl Rg7] Black queen
has to stay on g7 to defend the pawn on h7} Rd4 30. Qh2 Rd8 31. a3 {[%csl Rh7]
[%cal Ge1e3,Ge3h3]} a6 32. Re5 (32. Re3 Bb5 33. c4 Bc6 34. Kc2 b5 35. Rh3 bxc4
36. Bxh7+ Kf8 $132) 32... Rd5 (32... Rd6 $5) 33. Re3 Bb5 $2 {Throwing the game
in one move!} (33... Rd4) 34. c4 $18 Qd4 35. Qe2 1-0